000 00429nam a22001697a 4500
005 20160625123836.0
008 160625b xxu||||| |||| 00| 0 eng d
020 _a81-203-2453-6
041 _aeng
082 _b10207
100 _aKothari, D.P. and Saxena, Anshu
_92781
245 _aHypermedia from Multimedia to Virtual Reality
260 _bPHI
_c2004
300 _a195
650 _aMass Communication
_92660
942 _cBK
999 _c4019
_d4018